| 000 | 00692nam a2200205 a 4500 | ||
|---|---|---|---|
| 005 | 20240803063741.0 | ||
| 008 | 991125s1962 xal 000 0 spa u | ||
| 035 | _aUPN01000050548 | ||
| 049 | _aCG | ||
| 050 | 4 |
_aPQ6601 Y3 _bR33 |
|
| 100 | 1 |
_aAyala, Francisco, _d1906-2009 _928869 |
|
| 245 | 1 | 0 |
_aRazón del mundo : _bla preocupación de España / _cFrancisco Ayala. |
| 260 |
_aXalapa : _bUniversidad Veracruzana, _c1962. |
||
| 300 | _a257 p. | ||
| 440 | 0 |
_aBiblioteca de la Facultad de Filosofía, Letras y Ciencias ; _v15 |
|
| 500 | _aDatos tomados de la cubierta | ||
| 600 | 1 | 4 |
_aAYALA, FRANCISCO, _d1906- - _xCRITICA E INTERPRETACION |
| 650 | 4 |
_aNovela española _910814 |
|
| 905 | _aLibro | ||
| 999 |
_c50548 _d50548 |
||